000 01697nam a2200169Ia 4500
005 20250728123505.0
008 250728s9999 xx 000 0 und d
020 _a9780521100991
082 _a947.085
_bSHA
100 _aShatz, Marshall S.
245 0 _aSoviet Dissent in Historical Perspective
260 _bCambridge University Press
_c2009
300 _aNo Page Count pages
500 _aThis book places the dissent movement in the Soviet Union within the framework of modern Russian history. Professor Shatz outlines the historical and geographical conditions that led to a pattern of autocratic rule in Russia, and traces the sources of dissent in both tsarist and Soviet Russia. Professor Shatz examines the relationship between the Russian state and the educated classes from Peter the Great to the time of the book's first publication in 1980, explaining why the educated elite was the source of dissidents throughout the period. Autobiographical and literary sources are emphasized in an effort to determine the personal roots of dissent in Russia. Professor Shatz explores the family life, education, and life experience of dissidents in an attempt to explain why they became nonconformists or rebels. The first half of the book is an historical overview, dealing with Russia from Peter the Great to Stalin. The second half traces in greater detail the development of Soviet dissent from Stalin's death to the latter part of the twentieth century, contending that Soviet dissent, although it had its own unique characteristics, was the product of a pattern of development Russia has been following since the eighteenth century.
650 _aPolitical Science
942 _cENGLISH
999 _c577629
_d577629